| 000 | 00787cab a2200229 4500 | ||
|---|---|---|---|
| 001 | WB3235-07 | ||
| 008 | 090401t1996 xxu||||| |||| 00| 0 eng d | ||
| 035 | _a(Sirsi) u1325 | ||
| 041 | _aeng | ||
| 245 | _aHotelling in vogue | ||
| 260 | _c1996 | ||
| 350 | _a0 | ||
| 490 |
_aFinancial Times _v20 September 1996, 15(1) |
||
| 520 | _aJones Lang Wootton`s "Property Confidence Review" suggests that London has enough office space and property developers should be looking at mixed-use schemes. Considers moves to hotelling. | ||
| 650 | _aHOTELLING | ||
| 650 | _aJONES LANG WOOTTON | ||
| 650 | _aMIXED-USE DEVELOPMENTS | ||
| 650 | _aPROPERTY-COMMERCIAL PROPERTY-OFFICE PROPERTY-OFFICE PROPERTY MARKET | ||
| 690 | _aPROPERTY-COMMERCIAL PROPERTY | ||
| 942 | _n0 | ||
| 948 | _c04/03/1997 | ||
| 999 |
_c726 _d726 |
||